Chansons les plus streamées : GIMS - Statistiques

Statistiques générales
  • Ce quiz a été pris 895 fois
    203 depuis la dernière actualisation
  • Le résultat moyen est 4 sur 10
Statistiques - réponses
Nb de streams Chanson % Correct
147 000 000 CIEL
89%
181 500 000 NINAO
51%
293 500 000 SPIDER (avec DYSTINCT)
51%
494 500 000 Est-ce que tu m'aimes ?
49%
197 000 000 J'me tire
39%
237 500 000 SOIS PAS TIMIDE
36%
156 500 000 La même (avec Vianney)
19%
283 000 000 Hola Señorita (avec Maluma)
17%
335 500 000 SEYA (avec SativaMusic et Morad)
16%
156 000 000 Best life (avec Naps)
8%
Aucun quiz correspondant
Distribution des résultats
% des personnes avec chaque résultat
Percentile par nombre de réponses
Votre historique - résultats
Vous n’avez pas pris ce quiz depuis la dernière actualisation